00938cam a2200229 a 450000100100000000500170001000800410002704000250006808200180009310000400011124501460015126000850029730000290038249000460041149000090045765100350046665100340050160000390053570000440057470000360061883000540065400000579420200929151804.0810903s1966 uy 000 0 spa  aDO-SdBNPbspacBNPHU a320.53bH565c1 aHerrera y Obes, Manuel,d1806-1890.13aEl caudillismo y la revolución americana :bpolémica /cManuel Herrera y Obes, Bernardo Prudencio Berro ; prólogo Juan E. Pivel Devoto. aMontevideo, Uruguay :bMinisterio de Instrucción y Previnción Social,c1966. axiviii, 155 p. ;c20 cm.1 aBiblioteca Artigas.aClásicos uruguayos1 v110. 4aUruguayxPolítica Y Gobierno 4aUruguayxHistoriay1830-1875.10aRivera, Fructuoso,dca. 1784-1854.1 aBerro, Bernardo Prudiencio,d1803-1868.1 aPivel Devota, Juan E.,epról. 0aBiblioteca Artigas.pClásicos uruguayos ;n110.